| 000 | 00764cam a2200241 a 4500 | ||
|---|---|---|---|
| 001 | 000014264 | ||
| 003 | DO-SdBNP | ||
| 005 | 20240503185327.0 | ||
| 008 | 770322s1985 cu a b 000 0 spa | ||
| 040 |
_aDO-SdBNP _bspa _cBNPHU |
||
| 082 | 4 |
_a330.97291 _bL433h _222 |
|
| 100 | 1 |
_aLe Riverend, Julio, _d1912-1998. _932204 |
|
| 245 | 1 | 0 |
_aHistoria económica de Cuba / _cJulio Le Riverend. |
| 260 |
_aLa Habana : _bCiencias Sociales, _c1985. |
||
| 300 |
_a662 p. : _bil. ; _c23 cm. |
||
| 490 | 0 | _aHistoria de Cuba | |
| 650 | 0 |
_aHistoria económica _91620 |
|
| 651 | 4 |
_aCuba _xCondiciones económicas _918921 |
|
| 651 | 4 |
_aCuba _xCondiciones sociales _ySiglo XX _932205 |
|
| 830 | 0 |
_aHistoria de Cuba. _914768 |
|
| 910 | _aCatalogación derivada | ||
| 942 |
_2ddc _cLBS1 |
||
| 999 |
_c13860 _d13860 |
||